God,s Calling : The Daring Adventure of a clergy couple; Volume II (Record no. 59614)
[ view plain ]
| 000 -LEADER | |
|---|---|
| fixed length control field | 00449 a2200145 4500 |
| 008 - FIXED-LENGTH DATA ELEMENTS--GENERAL INFORMATION | |
| fixed length control field | 250210b ||||| |||| 00| 0 eng d |
| 020 ## - INTERNATIONAL STANDARD BOOK NUMBER | |
| International Standard Book Number | 9789914962673 |
| 050 ## - LIBRARY OF CONGRESS CALL NUMBER | |
| Classification number | BV4501.3 |
| Item number | .M68 2022 |
| 100 ## - MAIN ENTRY--PERSONAL NAME | |
| Personal name | M'mutungi, Daniel |
| 245 ## - TITLE STATEMENT | |
| Title | God,s Calling : The Daring Adventure of a clergy couple; Volume II |
| 260 ## - PUBLICATION, DISTRIBUTION, ETC. (IMPRINT) | |
| Name of publisher, distributor, etc | CLC Kenya Authors Collaboration |
| Date of publication, distribution, etc | 2022 |
| Place of publication, distribution, etc | Nairobi |
| 300 ## - PHYSICAL DESCRIPTION | |
| Extent | xxiv, 195 p.; |
| Dimensions | 24 cm. |
| 650 ## - SUBJECT ADDED ENTRY--TOPICAL TERM | |
| Topical term or geographic name as entry element | Christian life. |
| 942 ## - ADDED ENTRY ELEMENTS (KOHA) | |
| Item type | Book |
| Source of classification or shelving scheme | Library of Congress Classification |
| Withdrawn status | Lost status | Source of classification or shelving scheme | Damaged status | Not for loan | Collection code | Home library | Current library | Shelving location | Date acquired | Source of acquisition | Coded location qualifier | Full call number | Barcode | Date last seen | Copy number | Price effective from | Koha item type | Total Checkouts |
|---|---|---|---|---|---|---|---|---|---|---|---|---|---|---|---|---|---|---|
| Library of Congress Classification | Non-fiction | Bishop Okullu Memorial Library (Limuru Campus) | Bishop Okullu Memorial Library (Limuru Campus) | General Circulation | 10/02/2025 | Purchase | Kshs 1,500 | BV4501.3 .M68 2022 | 072270 | 10/02/2025 | 2 | 10/02/2025 | Book | |||||
| Library of Congress Classification | Non-fiction | Nakuru Campus | Nakuru Campus | Processing Center | 10/02/2025 | Purchase | Kshs 1,500 | BV4501.3 .M68 2022 | 072269 | 10/02/2025 | 1 | 10/02/2025 | Book | |||||
| Library of Congress Classification | Non-fiction | Nakuru Campus | Nakuru Campus | Processing Center | 10/02/2025 | Purchase | BV4501.3 .M68 2022 | 072271 | 10/02/2025 | 3 | 10/02/2025 | Book |